Kolektív autorov: História lesníckej vedy a výskumu na Slovensku

Bibliographic Details
Main Author: Jandel, Rudolf, 1918-2002 (Author)
Format: Article
Language:Slovak
Subjects:

MARC

LEADER 00000nab a2200000 a 4500
001 vtls000073433
003 SK-MaSNL
005 20260304071742.0
008 250422c1980 xo 0 slo
015 |a SNBRB19rr/mm-uuuuu 
035 |a CL0083534 
035 |a urn:nbn:sk:snk-ab1zt 
035 |a (urnnbn)urn:nbn:sk:snk:ar-00566o 
035 |a (uuid)4e3ba572-1cdc-4f63-bda9-fcbd497dba5f 
040 |a SNKBUCL  |b slo  |c SNKBUCL  |e AACR2 
041 0 |a slo 
044 |a xo  |c SK 
080 |a 630  |2 1981 
100 1 |a Jandel, Rudolf,  |d 1918-2002  |4 aut  |9 120475 
245 1 0 |a Kolektív autorov: História lesníckej vedy a výskumu na Slovensku  |c Rudolf Jandel 
650 0 7 |a lesníctvo  |2 snkbucl  |9 1255 
650 0 7 |a dejiny lesníctva  |2 snkbucl  |9 74601 
655 7 |a články z novín a časopisov  |2 snkbucl  |9 267496 
773 0 |t Lesnícky časopis  |g Roč. 26, č. 3 (1980), s. 279-281 
787 0 8 |i Rec.:  |t História lesníckej vedy a výskumu na Slovensku  |d Bratislava : Príroda, 1978 
850 |a Slovenská národná knižnica 
852 |a Slovenská národná knižnica 
954 |a odborná, vedecká literatúra pôvodná (slovenská)  |2 lita 
958 |a article2022 
958 |a OND 
958 |a RK 
958 |a EUIPO 
992 |a RBX 
999 |c 2761913  |d 2763843